<?xml version="1.0" encoding="UTF-8"?>
<record
    xmlns:xsi="http://www.w3.org/2001/XMLSchema-instance"
    xsi:schemaLocation="http://www.loc.gov/MARC21/slim http://www.loc.gov/standards/marcxml/schema/MARC21slim.xsd"
    xmlns="http://www.loc.gov/MARC21/slim">

  <leader>00672nam a22002057a 4500</leader>
  <controlfield tag="003">OSt</controlfield>
  <controlfield tag="005">20150414172327.0</controlfield>
  <controlfield tag="008">150108s2014    spc||||  |||| 0|0 0 spa|d</controlfield>
  <datafield tag="017" ind1=" " ind2=" ">
    <subfield code="a">DL B 24212-2014</subfield>
    <subfield code="b">Biblioteca de Catalunya</subfield>
  </datafield>
  <datafield tag="020" ind1=" " ind2=" ">
    <subfield code="a">9788421006795</subfield>
  </datafield>
  <datafield tag="040" ind1=" " ind2=" ">
    <subfield code="b">cat</subfield>
    <subfield code="c">CDMR</subfield>
  </datafield>
  <datafield tag="100" ind1="1" ind2=" ">
    <subfield code="a">Caparr&#xF3;s Lera, Jos&#xE9; Mar&#xED;a,</subfield>
    <subfield code="d">1943-</subfield>
  </datafield>
  <datafield tag="245" ind1="1" ind2="0">
    <subfield code="a">Cinema, historia, religi&#xF3;n </subfield>
    <subfield code="c">J.M. Caparr&#xF3;s Lera, Ferran Blasi Birbe ; pr&#xF3;logo de Peio S&#xE1;nchez</subfield>
  </datafield>
  <datafield tag="260" ind1=" " ind2=" ">
    <subfield code="a">Barcelona </subfield>
    <subfield code="b">Balmes</subfield>
    <subfield code="c">2014</subfield>
  </datafield>
  <datafield tag="300" ind1=" " ind2=" ">
    <subfield code="a">170 p. </subfield>
    <subfield code="b">il. </subfield>
    <subfield code="c">14 cm</subfield>
  </datafield>
  <datafield tag="650" ind1=" " ind2="7">
    <subfield code="a">Cinema hist&#xF2;ric</subfield>
    <subfield code="2">lemac</subfield>
  </datafield>
  <datafield tag="650" ind1=" " ind2="7">
    <subfield code="a">Religi&#xF3; en la cinematografia</subfield>
    <subfield code="2">lemac</subfield>
  </datafield>
  <datafield tag="700" ind1="1" ind2=" ">
    <subfield code="a">Blasi i Birbe, Ferran</subfield>
    <subfield code="d">1929-</subfield>
    <subfield code="9">108</subfield>
  </datafield>
  <datafield tag="942" ind1=" " ind2=" ">
    <subfield code="c">MON</subfield>
  </datafield>
  <datafield tag="999" ind1=" " ind2=" ">
    <subfield code="c">6790</subfield>
    <subfield code="d">6790</subfield>
  </datafield>
  <datafield tag="952" ind1=" " ind2=" ">
    <subfield code="0">0</subfield>
    <subfield code="1">0</subfield>
    <subfield code="4">0</subfield>
    <subfield code="7">0</subfield>
    <subfield code="a">CDMR</subfield>
    <subfield code="b">CDMR</subfield>
    <subfield code="d">2015-04-14</subfield>
    <subfield code="e">Donaci&#xF3;</subfield>
    <subfield code="g">25.00</subfield>
    <subfield code="l">0</subfield>
    <subfield code="o">Fa 8/15</subfield>
    <subfield code="p">CDMR1504612559</subfield>
    <subfield code="r">2015-04-14</subfield>
    <subfield code="v">25.00</subfield>
    <subfield code="w">2015-04-14</subfield>
    <subfield code="y">MON</subfield>
  </datafield>
</record>
